|
|
|
|
| LEADER |
01587nam a2200397 i 4500 |
| 001 |
EBC1713021 |
| 003 |
MiAaPQ |
| 005 |
20200520144314.0 |
| 006 |
m o d | |
| 007 |
cr cnu|||||||| |
| 008 |
150919t20152015gw a o 000 0 ger d |
| 020 |
|
|
|z 9783110246117
|
| 020 |
|
|
|a 9783110246124 (e-book)
|
| 035 |
|
|
|a (MiAaPQ)EBC1713021
|
| 035 |
|
|
|a (Au-PeEL)EBL1713021
|
| 035 |
|
|
|a (CaPaEBR)ebr11006628
|
| 035 |
|
|
|a (OCoLC)898769848
|
| 040 |
|
|
|a MiAaPQ
|b eng
|e rda
|e pn
|c MiAaPQ
|d MiAaPQ
|
| 050 |
|
4 |
|a RC76.5
|b .P35 2014
|
| 082 |
0 |
|
|a 615.822
|2 23
|
| 245 |
0 |
0 |
|a Palpation fur das Beckenbodentraining /
|c Engelbert Hanzal [and others].
|
| 264 |
|
1 |
|a Berlin, [Germany] ;
|a Munchen, [Germany] :
|b Walter de Gruyter,
|c 2015.
|
| 264 |
|
4 |
|c 2015
|
| 300 |
|
|
|a 1 online resource (104 pages) :
|b illustrations
|
| 336 |
|
|
|a text
|2 rdacontent
|
| 337 |
|
|
|a computer
|2 rdamedia
|
| 338 |
|
|
|a online resource
|2 rdacarrier
|
| 588 |
|
|
|a Description based on print version record.
|
| 590 |
|
|
|a Electronic reproduction. Ann Arbor, MI : ProQuest, 2015. Available via World Wide Web. Access may be limited to ProQuest affiliated libraries.
|
| 650 |
|
0 |
|a Palpation.
|
| 650 |
|
0 |
|a Pelvic floor
|x Diseases.
|
| 655 |
|
4 |
|a Electronic books.
|
| 700 |
1 |
|
|a Hanzal, Engelbert,
|e author.
|
| 776 |
0 |
8 |
|i Print version:
|t Palpation fur das Beckenbodentraining.
|d Berlin, [Germany] ; Munchen, [Germany] : Walter de Gruyter, c2015
|h v, 150 pages
|z 9783110246117
|w 2014451699
|
| 797 |
2 |
|
|a ProQuest (Firm)
|
| 856 |
4 |
0 |
|u https://ebookcentral.proquest.com/lib/matrademy/detail.action?docID=1713021
|z Click to View
|